000 00874nam a22002297a 4500
008 090114t xxu||||| |||| 00| 0 eng d
010 _aENG-92485
020 _a8190361066
_c525.00
035 _aEN-76018
037 _bDBAD / PUB
040 _adpl
_bEnglish
082 _a488.07
100 _aPaliwal, A.K.
245 _aTeaching of english:
_btheory and pracatice /
_cby A.K. Paliwal
260 _aJaipur
_bKalpana Publications
_c2008
270 _aAbove Shop No. 157, Chandpole Bazar,
_bJaipur
300 _a432p.
_c23cm (Hb)
500 _aIncludes bibliographical references
650 _aEnglish language
_xStudy and teaching.
942 _2ddc
_cEN
_mPAL
_h488.07
999 _c20975
_d20975